000 00322nam a22001337a 4500
008 171023b xxu||||| |||| 00| 0 eng d
020 _a9780534203702
041 _aeng
080 _a338
100 _a54
101 _aMO
245 _aINTRODUCTORY STATISTICS FOR MANAGEMENT AND ECONOMICS
_cKENKEL ,J.L
942 _2udc
_cBK
999 _c35511
_d35511